People on Time Covers 2017 - Statistics

General Stats
  • This quiz has been taken 14 times
  • The average score is 10 of 25
Answer Stats
Hint Persons % Correct
American businessman, media proprietor and investor. He is the founder, executive chairman, and former president and CEO of Amazon. Currently third richest man. Jeff Bezos
100%
American politician, media personality, businessman and 45th president Donald Trump
89%
American politician and diplomat who served as the US secretary of state from 2009 to 2013, as a U.S. senator representing New York from 2001 to 2009, and as the first lady of the U.S.from 1993 to 2001. Hilary Clinton
89%
Russian politician and former intelligence officer who is the President of Russia. He has held continuous positions as president or prime minister since 1999. Vladimir Putin
89%
American philanthropist, former multimedia product developer and manager at Microsoft, and the ex-wife of its co-founder and billionaire. Melinda Gates
67%
American singer-songwriter. In 2023, she had the highest grossing tour of all time. Signing with Republic Records in 2018 she released Lover in 2019. One of the Silence Breakers Persons of the Year speaking out against sexual abuse and harassment. Taylor Swift
67%
American businessman, former television presenter, political activist, and author. Eldest child of the 45th U.S. President. Donald Trump Jr.
56%
President of France since 2017. Emmanuel Macron
56%
American former film producer and convicted sex offender. Catalyst for the MeToo movement. Harvey Weinstein
56%
American politician serving as Senate Majority Leader since 2021 and the senior United States senator from New York. He has led the Senate Democratic Caucus since 2017 and was Senate Minority Leader from 2017 to 2021. Chuck Schumer
44%
American actress and producer.One of the few performers to have been awarded an Emmy, a Grammy, an Oscar, and a Tony. She is the sole black actress to achieve the Triple Crown of Acting. Movies include the Help, How to Get Away with Murder, Suicide Squad and Widows. Viola Davis
44%
American actress. She is the daughter and sister of two country music singers. Movies include Divine Secrets of the Ya-Ya Sisterhood, A Time to Kill, Frida, and Divergent. One of the Silence Breakers Persons of the Year speaking out against sexual abuse and harassment. Ashley Judd
33%
American singer, songwriter, pianist, record producer, and actor. He began his career working behind the scenes for Lauryn Hill, Jay-Z's, and Alicia Keys. Albums included Get Lifted, Revolver, Wake Up, Love in the Future and Darkness and Light. John Legend
33%
British actor and producer. He first rose to prominence in Britain in the comedy horror film Attack the Block, and had his international breakthrough playing Finn in the Star Wars sequel trilogy. John Boyega
22%
British actor and rapper. Starred in Nightcrawler, Rogue One, Jason Bourne, Night Of, Venom and the Sound of Metal. Riz Ahmed
22%
American lawyer who served as the sixth director of the Federal Bureau of Investigation (FBI) from 2001 to 2013. Appointed as special counsel to investigate allegations of Russian interference in the 2016 U.S. presidential election. Robert Mueller
22%
American businessman, co-founder and CEO of Snap Inc. He was the youngest billionaire in the world in 2015 Evan Spiegel
11%
Mexican migrant strawberry picker who became part of the #MeToo movement. One of the Silence Breakers Persons of the Year speaking out against sexual abuse and harassment. Isabel Pascual
11%
American former political advisor and retired U.S. Marine Corps general who served as White House chief of staff from 2017 to 2019. He had previously served as Secretary of Homeland Security and was commander of United States Southern Command. John Kelly
11%
American technology executive, philanthropist, and writer. She served as chief operating officer (COO) of Meta Platforms until August 2022. She is also the founder of LeanIn.Org Sheryl Sandberg
11%
American media executive, political strategist, and former investment banker. He served as the White House's chief strategist in the administration of U.S. president Donald Trump during the first seven months of Trump's term. He is a former executive chairman of Breitbart News and previously served on the board of the now-defunct data-analytics firm Cambridge Analytica. Steve Bannon
11%
American writer and a software engineer known for her role in influencing institutional changes in how Uber and Silicon Valley companies treat sexual harassment, leading to book and Hollywood film deals. One of the Silence Breakers Persons of the Year speaking out against sexual abuse and harassment. Susan Fowler Rigetti
11%
Part of the Silence Breakers persons of the year, she helped found We Said Enough to fight against sexual abuse and harassment in politics initially in Sacramento. Adama Iwu
0%
American businessman, investor, and former government official. He is the son-in-law of the 45th US president and served as a senior advisor from 2017 to 2021. Jared Kusher
0%
A 10 year old baseball player who later committed to play for Rutgers. Joey Erace
0%
No matching quizzes found
Score Distribution
Percent of People with Each Score
Percentile by Number Answered
Your Score History
You have not taken this quiz